Škola ručného pletenia aj pre ľaváčky

Bibliographic Details
Main Author: Pešková, Ľudmila (Author)
Other Authors: Poórová, Soňa (Illustrator), Rašla, Peter, 1944- (Illustrator)
Format: Book
Language:Slovak
PhysicalDescription:224 s., 25,15 AH sch. 29 cm
Published: Bratislava Práca 1982
Edition:1. vyd.
Series:Knižnica praktických príručiek Práce
Subjects:

MARC

LEADER 00000cam a2200000 a 4500
001 vtls001090818
003 SK-MaSNL
005 20260301001056.0
008 251029s1982 xo a f 00000 slo
015 |a SNBA1983/03 
035 |a SNK000033660 
040 |a SNK  |b slo  |c SNK  |e AACR2 
041 0 |a slo 
044 |a xo  |c SK 
080 |a 746.4(035)  |2 1981 
100 1 |a Pešková, Ľudmila  |4 aut  |9 278667 
245 1 0 |a Škola ručného pletenia  |b aj pre ľaváčky  |c Ľudmila Pešková ; ilustr. Soňa Poórová ; ob. graf. úpr. navrhol Peter Rašla 
246 3 0 |a Aj pre ľaváčky 
250 |a 1. vyd. 
260 |a Bratislava  |b Práca  |c 1982 
300 |a 224 s., 25,15 AH  |b sch.  |c 29 cm 
366 |e 50000 výt. 
490 1 |a Knižnica praktických príručiek Práce  |v zv. 3/82 
500 |a Rozlož. tit. list. 
650 0 7 |a ručné pletenie  |2 SNKPH  |9 3104 
655 7 |a príručky  |2 SNKPH  |9 74364 
700 1 |a Poórová, Soňa  |4 ill  |9 278668 
700 1 |a Rašla, Peter,  |d 1944-  |4 ill  |9 46473 
830 0 |a Knižnica praktických príručiek Práce  |9 278892 
958 |a OND 
999 |c 534113  |d 536043 
952 |a SNK  |b SNK  |y VYP  |7 0  |p 17A1032312  |o snkSB 34873 D1  |i snk2012/14673  |8 3  |g 6.00  |0 0  |1 0  |4 0  |d 2012-07-25  |l 0  |r 2026-02-23 12:20:00  |w 2026-02-23 
952 |a SNK  |b SNK  |y PREZ  |7 0  |p 17A0983259  |o snkSB 34873   |i snkKSP 1804/83  |0 0  |1 0  |4 0  |d 2014-06-17  |l 0  |r 2025-04-10 00:00:00  |w 2026-02-23